Central Library OPAC University of Rajshahi

Geography and man : (Record no. 69390)

MARC details
000 -LEADER
fixed length control field 00911nam a2200229 a 4500
001 - CONTROL NUMBER
control field 69390
003 - CONTROL NUMBER IDENTIFIER
rucl marc code BD-RjUL
005 - DATE AND TIME OF LATEST TRANSACTION
control field 20211209081859.0
008 - FIXED-LENGTH DATA ELEMENTS--GENERAL INFORMATION
fixed length control field 820106s1955 enka 000 0 eng
035 ## - SYSTEM CONTROL NUMBER
System control number (BD-RjUL)69601
040 ## - CATALOGING SOURCE
Original cataloging agency DLC
Transcribing agency NjTS
Modifying agency Uk
-- DLC
-- BD-RjUL
Language of cataloging eng
041 ## - LANGUAGE CODE
Language code of text/sound track or separate title eng
082 ## - DEWEY DECIMAL CLASSIFICATION NUMBER
Edition number 23
Classification number 910
Author mark and year GOE 1955
245 10 - TITLE STATEMENT
Title Geography and man :
Remainder of title a practical survey of the life and work of man in relation to his natural environment /
Statement of responsibility, etc. advisory editor: W. G. V. Balchin, assisted by 75 eminent authorities.
250 ## - EDITION STATEMENT
Edition statement 2d ed.
260 ## - PUBLICATION, DISTRIBUTION, ETC. (IMPRINT)
Place of publication, distribution, etc. London :
Name of publisher, distributor, etc. New Era Pub. Co.,
Date of publication, distribution, etc. 1955.
300 ## - PHYSICAL DESCRIPTION
Pagination v. :
Illustrations ill. ;
Size 28 cm.
505 0# - FORMATTED CONTENTS NOTE
Formatted contents note v. 1. The heritage of man. Europe.--v. 2. The British Isles. Asia. Africa.--v. 3. The Ameicas. Australasia. Man's work and industry.
650 #0 - SUBJECT ADDED ENTRY--TOPICAL TERM
Topical term or geographic name as entry element Geography.
9 (RLIN) 205572
700 1# - ADDED ENTRY--PERSONAL NAME
Personal name Balchin, W. G. V.
Fuller form of name (William George Victor),
Dates associated with a name 1916-2007,
Relator term ed.
942 ## - ADDED ENTRY ELEMENTS (KOHA)
Source of classification or shelving scheme Dewey Decimal Classification
Koha item type Books
Holdings
Lost status Source of classification or shelving scheme Damaged status Not for loan Collection code Permanent Location Current Location Shelving location Date acquired Source of acquisition Cost, normal purchase price Total Checkouts Full call number Date last seen Copy number Koha item type
  Dewey Decimal Classification   Not For Loan Non-fiction Central Library, University of Rajshahi Central Library, University of Rajshahi Reading Room 07/01/1959 Century Book 0.00   910 GOE V-1 1955 11/04/2017 C-1 Books
  Dewey Decimal Classification   Not For Loan Non-fiction Central Library, University of Rajshahi Central Library, University of Rajshahi Reading Room 07/01/1959 Century Book 0.00   910 GOE V-2 1955 11/04/2017 C-1 Books
  Dewey Decimal Classification   Not For Loan Non-fiction Central Library, University of Rajshahi Central Library, University of Rajshahi Reading Room 07/01/1959 Colombo Plan     910 GOE V-3 1955 25/05/2017 C-1 Books